Library Banner

Shuhda-i-balacoat k muqaddas khoon dar haqeeqat qararadad-i-Pakistan he = شہدائے بالاکوٹ کا مقدس خون در حقیقت قرار داد پاکستان ہے / (Record no. 122147)

MARC details
000 -LEADER
fixed length control field 00570nam a22001457a 4500
005 - DATE AND TIME OF LATEST TRANSACTION
control field 20210429111224.0
008 - FIXED-LENGTH DATA ELEMENTS--GENERAL INFORMATION
fixed length control field 210429b ||||| |||| 00| 0 eng d
040 ## - CATALOGING SOURCE
Transcribing agency PK-LaUMT
082 ## - DEWEY DECIMAL CLASSIFICATION NUMBER
Classification number RHC 320.95491
Item number KHA-S
100 ## - MAIN ENTRY--PERSONAL NAME
Personal name Khan, H B = خان، پی ایچ
245 ## - TITLE STATEMENT
Title Shuhda-i-balacoat k muqaddas khoon dar haqeeqat qararadad-i-Pakistan he = شہدائے بالاکوٹ کا مقدس خون در حقیقت قرار داد پاکستان ہے /
Statement of responsibility, etc by H B Khan = ایچ پی خان
260 ## - PUBLICATION, DISTRIBUTION, ETC. (IMPRINT)
Place of publication, distribution, etc Karachi :
Name of publisher, distributor, etc Al-Hamad Academy,
Date of publication, distribution, etc 1999
300 ## - PHYSICAL DESCRIPTION
Extent 210 p.
942 ## - ADDED ENTRY ELEMENTS (KOHA)
Koha item type Books
Holdings
Withdrawn status Lost status Damaged status Home library Current library Date acquired Full call number Barcode Date last seen Price effective from Koha item type
      UMT Main Campus UMT Main Campus 2021-04-29 RHC 320.95491 KHA-S 137146 2021-04-29 2021-04-29 Books